[Event "HUN-chT2 Asztalos 2122"]
[Site "Hungary"]
[Date "2022.02.13"]
[Round "6.7"]
[White "Balint, Richard"]
[Black "Szabo, Richard"]
[Result "1/2-1/2"]
[WhiteElo "2049"]
[BlackElo "2140"]
[PlyCount "35"]
[EventDate "2021.10.10"]
[EventType "team-tourn"]
[EventRounds "9"]
[EventCountry "HUN"]
[SourceTitle "EXT 2025"]
[Source "ChessBase"]
[SourceDate "2024.10.14"]
[SourceVersion "1"]
[SourceVersionDate "2024.10.14"]
[SourceQuality "1"]
[WhiteTeam "Baja Spartacus"]
[BlackTeam "Decs 1990"]
[WhiteTeamCountry "HUN"]
[BlackTeamCountry "HUN"]

1. e4 e6 2. c4 c5 3. Nc3 Nc6 4. g3 g6 5. Bg2 Bg7 6. Nge2 Nge7 7. 0-0 0-0 8. d3 d6 9. Be3 e5 10. Qd2 Nd4 11. Bh6 Be6 12. Nxd4 cxd4 13. Nd5 Nxd5 14. cxd5 Bd7 15. Bxg7 Kxg7 16. f4 f6 17. fxe5 fxe5 18. Rxf8 1/2-1/2

[Event "Gyor Mobilis Amateur op"]
[Site "Gyor"]
[Date "2016.12.18"]
[Round "6"]
[White "Szabo, Richard"]
[Black "Steiner, Botond"]
[Result "1-0"]
[WhiteElo "1431"]
[BlackElo "660"]
[PlyCount "37"]
[EventDate "2016.12.17"]
[EventType "swiss"]
[EventRounds "6"]
[EventCountry "HUN"]
[SourceTitle "EXT 2025"]
[Source "ChessBase"]
[SourceDate "2024.10.14"]
[SourceVersion "1"]
[SourceVersionDate "2024.10.14"]
[SourceQuality "1"]

1. e4 e5 2. Nf3 Nc6 3. Nc3 Bc5 4. Bc4 Nf6 5. 0-0 0-0 6. d3 h6 7. a3 d6 8. h3 Nh5 9. b4 Qf6 10. bxc5 Qg6 11. Nh4 Qf6 12. Qxh5 Nd4 13. Nd5 Qd8 14. Bxh6 c6 15. Bg5 Ne2+ 16. Kh2 Nf4 17. Nxf4 Qe8 18. Nhg6 b6 19. Qh8# 1-0

[Event "HUN-chT4 1617"]
[Site "Hungary"]
[Date "2016.10.02"]
[Round "1.1"]
[White "Szabo, Richard"]
[Black "Szabo, Laszlo Jr"]
[Result "1-0"]
[WhiteElo "1426"]
[BlackElo "1533"]
[PlyCount "117"]
[EventDate "2016.10.02"]
[EventType "team-tourn"]
[EventRounds "7"]
[EventCountry "HUN"]
[SourceTitle "EXT 2019"]
[Source "ChessBase"]
[SourceDate "2018.10.10"]
[SourceVersion "1"]
[SourceVersionDate "2018.10.10"]
[SourceQuality "1"]

1. e4 e5 2. Nf3 Nc6 3. Bc4 d6 4. Nc3 Bg4 5. Nd5 Nge7 6. Ne3 Qd7 7. c3 g6 8. Qb3 0-0-0 9. Bxf7 Na5 10. Qa3 Nac6 11. Nxg4 Qxg4 12. 0-0 Qxe4 13. Re1 Qf5 14. Bc4 d5 15. Bf1 Bg7 16. b4 a6 17. b5 axb5 18. Qa8+ Kd7 19. Qxb7 Rb8 20. Qa6 Rb6 21. Qa3 b4 22. cxb4 e4 23. Bb2 Bxb2 24. Qxb2 Rf8 25. b5 Kc8 26. Qa3 exf3 27. bxc6 Nxc6 28. g3 Kd7 29. Rac1 Rfb8 30. Qc3 d4 31. Qc4 R8b7 32. h4 Kd6 33. Kh2 Qd5 34. Qd3 Ne5 35. Qa3+ c5 36. Bh3 Rb2 37. Kg1 Rxa2 38. Qxc5+ Qxc5 39. Rxc5 Kxc5 40. Rxe5+ Kc4 41. Be6+ Kd3 42. Bxa2 Rb2 43. Bd5 Kxd2 44. Bxf3 Rb1+ 45. Kg2 d3 46. Be4 Rd1 47. Rd5 Kc3 48. Bf3 Re1 49. Rc5+ Kd4 50. Rc7 h6 51. Rc6 g5 52. hxg5 hxg5 53. Rg6 Re5 54. Kf1 Kc3 55. Rc6+ Kd4 56. Bd1 d2 57. Be2 Ke4 58. Rc4+ Kf5 59. Rd4 1-0

[Event "HUN-chT4 Chalupetzky 1516"]
[Site "Fertoszentmiklos"]
[Date "2015.12.13"]
[Round "3.7"]
[White "Szabo, Richard"]
[Black "Balogh, Anett"]
[Result "1-0"]
[WhiteElo "1463"]
[BlackElo "1384"]
[PlyCount "33"]
[EventDate "2015.10.11"]
[EventType "team-tourn"]
[EventRounds "7"]
[EventCountry "HUN"]
[SourceTitle "EXT 2017"]
[Source "ChessBase"]
[SourceDate "2016.10.25"]
[SourceVersion "1"]
[SourceVersionDate "2016.10.25"]
[SourceQuality "1"]
[WhiteTeam "UDSE II"]
[BlackTeam "Lovo II"]
[WhiteTeamCountry "HUN"]
[BlackTeamCountry "HUN"]

1. e4 e5 2. Nf3 Nc6 3. Nc3 Nf6 4. Bc4 h6 5. 0-0 Bc5 6. d3 g5 7. Be3 Bxe3 8. fxe3 d6 9. Qd2 g4 10. Ne1 h5 11. Qf2 Rh6 12. Nd5 Be6 13. Nxf6+ Ke7 14. Bxe6 Kxe6 15. Qf5+ Ke7 16. Nd5+ Ke8 17. Qxf7# 1-0

[Event "HUN-chT4a 1415"]
[Site "Hungary"]
[Date "2015.01.18"]
[Round "4.2"]
[White "Balogh, Akos"]
[Black "Szabo, Richard"]
[Result "1-0"]
[WhiteElo "1602"]
[BlackElo "1485"]
[PlyCount "85"]
[EventDate "2014.10.19"]
[EventType "team-tourn"]
[EventRounds "7"]
[EventCountry "HUN"]
[SourceTitle "EXT 2016"]
[Source "ChessBase"]
[SourceDate "2015.10.08"]
[SourceVersion "1"]
[SourceVersionDate "2015.10.08"]
[SourceQuality "1"]

1. e4 g6 2. d4 c6 3. Nf3 Bg7 4. Nc3 d6 5. h3 Nd7 6. Bf4 Ngf6 7. Bd3 b5 8. a3 Nb6 9. Qe2 Bb7 10. Rd1 Qc7 11. 0-0 0-0 12. Qd2 Nh5 13. Bh2 Qd8 14. Ne2 a6 15. c3 Nf6 16. Qc2 d5 17. e5 Ne8 18. Nh4 e6 19. Bg3 f5 20. f4 Bc8 21. Nf3 Ra7 22. Bh4 Qc7 23. g4 Nc4 24. Qc1 Bh6 25. gxf5 exf5 26. Ng5 Bxg5 27. fxg5 Ng7 28. Bg3 Nh5 29. Bh2 Qe7 30. h4 Be6 31. Rf3 Qd8 32. Nf4 Nxf4 33. Bxf4 h5 34. gxh6 Qxh4 35. Bxc4 bxc4 36. Qe3 Kh7 37. Rd2 Qe7 38. Bg5 Qe8 39. Bf6 Rg8 40. Qg5 Rb7 41. Rg3 Qf8 42. Bg7 Qe7 43. Qxg6# 1-0

[Event "HUN-chT4b 1415"]
[Site "Hungary"]
[Date "2014.11.08"]
[Round "3.5"]
[White "Balogh, Akos"]
[Black "Szabo, Richard"]
[Result "1-0"]
[WhiteElo "1614"]
[BlackElo "1485"]
[PlyCount "57"]
[EventDate "2014.10.04"]
[EventType "team-tourn"]
[EventRounds "7"]
[EventCountry "HUN"]
[SourceTitle "EXT 2016"]
[Source "ChessBase"]
[SourceDate "2015.10.08"]
[SourceVersion "1"]
[SourceVersionDate "2015.10.08"]
[SourceQuality "1"]

1. e4 g6 2. d4 d6 3. Nf3 Bg7 4. Bg5 Nd7 5. Nbd2 a6 6. c3 c5 7. Qb3 b5 8. a4 c4 9. Qc2 Nb6 10. a5 Nd7 11. b4 Bb7 12. 0-0-0 Ngf6 13. h3 Qc7 14. g4 h6 15. Bf4 h5 16. g5 Nh7 17. Bg2 e5 18. dxe5 dxe5 19. Be3 0-0 20. Nh4 Bc8 21. Rhf1 Qc6 22. f4 Bb7 23. f5 Rfe8 24. f6 Bf8 25. Nxg6 Re6 26. Nh4 Nhxf6 27. gxf6 Rxf6 28. Nf5 Bg7 29. Ne7+ 1-0

[Event "HUN-chT 1314"]
[Site "Hungary"]
[Date "2014.03.23"]
[Round "7"]
[White "Szabo, Richard"]
[Black "Kantor, Gergely"]
[Result "0-1"]
[WhiteElo "2199"]
[BlackElo "2362"]
[PlyCount "42"]
[EventDate "2013.09.08"]
[EventType "team-tourn"]
[EventRounds "9"]
[EventCountry "HUN"]
[SourceTitle "EXT 2015"]
[Source "ChessBase"]
[SourceDate "2014.11.20"]
[SourceVersion "1"]
[SourceVersionDate "2014.11.20"]
[SourceQuality "1"]
[WhiteTeam "Decs"]
[BlackTeam "Aquaprofit"]
[WhiteTeamCountry "HUN"]
[BlackTeamCountry "HUN"]

1. c4 e5 2. Nc3 Nf6 3. Nf3 Nc6 4. e3 Bb4 5. a3 Bxc3 6. bxc3 e4 7. Ng5 h6 8. Nh3 d6 9. Nf4 Ne5 10. d4 exd3 11. Nxd3 0-0 12. Nf4 Ne4 13. Bb2 Ng4 14. Nh3 Nxe3 15. fxe3 Bxh3 16. Qd5 Bxg2 17. Bxg2 Qh4+ 18. Kd1 Qg4+ 19. Kc2 Qxg2+ 20. Kb3 Nd2+ 21. Ka2 Qe2 0-1

[Event "HUN-chT 1314"]
[Site "Hungary"]
[Date "2014.02.16"]
[Round "5"]
[White "Szabo, Richard"]
[Black "Lizak, Peter"]
[Result "0-1"]
[WhiteElo "2199"]
[BlackElo "2408"]
[PlyCount "46"]
[EventDate "2013.09.08"]
[EventType "team-tourn"]
[EventRounds "9"]
[EventCountry "HUN"]
[SourceTitle "EXT 2015"]
[Source "ChessBase"]
[SourceDate "2014.11.20"]
[SourceVersion "1"]
[SourceVersionDate "2014.11.20"]
[SourceQuality "1"]
[WhiteTeam "Decs"]
[BlackTeam "Paks"]
[WhiteTeamCountry "HUN"]
[BlackTeamCountry "HUN"]

1. c4 b6 2. Nc3 e6 3. e4 Bb7 4. g3 f5 5. Bg2 Nf6 6. d3 Bb4 7. Qc2 0-0 8. Nge2 fxe4 9. dxe4 Ng4 10. 0-0 Bc5 11. Nd1 Nc6 12. h3 Nge5 13. Be3 Qe7 14. a3 a5 15. Kh1 Ba6 16. Bxc5 Qxc5 17. b3 a4 18. bxa4 Qxc4 19. Ndc3 Qc5 20. Qd2 Bxe2 21. Nxe2 Rxf2 22. Rxf2 Qxf2 23. Rf1 Qc5 0-1

[Event "HUN-chT 1213"]
[Site "Hungary"]
[Date "2013.04.21"]
[Round "9"]
[White "Szabo, Richard"]
[Black "Gara, Ticia"]
[Result "1-0"]
[WhiteElo "2192"]
[BlackElo "2385"]
[PlyCount "77"]
[EventDate "2012.09.16"]
[EventType "team-tourn"]
[EventRounds "9"]
[EventCountry "HUN"]
[SourceTitle "EXT 2014"]
[Source "ChessBase"]
[SourceDate "2013.11.20"]
[SourceVersion "1"]
[SourceVersionDate "2013.11.20"]
[SourceQuality "1"]
[WhiteTeam "Decs"]
[BlackTeam "Aquaprofit"]
[WhiteTeamCountry "HUN"]
[BlackTeamCountry "HUN"]

1. c4 b6 2. Nc3 Bb7 3. Nf3 e6 4. d3 f5 5. e4 Bb4 6. e5 Ne7 7. a3 Bxc3+ 8. bxc3 0-0 9. Be2 d6 10. 0-0 Nbc6 11. exd6 Qxd6 12. d4 Ng6 13. a4 Rfe8 14. Ba3 Qd7 15. Re1 Rad8 16. Qc2 Na5 17. Nd2 Nf4 18. Bf1 e5 19. Bb2 e4 20. Nb3 Nxb3 21. Qxb3 Qf7 22. Rad1 Qg6 23. Qc2 Nd3 24. Re2 f4 25. Bc1 Ba6 26. f3 Bxc4 27. Rxe4 Rxe4 28. fxe4 f3 29. Bxd3 Bxd3 30. Rxd3 Qxe4 31. Qb3+ Kh8 32. Rxf3 h6 33. h3 Qe1+ 34. Rf1 Qh4 35. Qf7 Qg3 36. Qf3 Qg6 37. Ba3 Qc2 38. Qc6 Qb3 39. Be7 1-0

[Event "HUN-chT 1112"]
[Site "Hungary"]
[Date "2012.03.25"]
[Round "8"]
[White "Szabo, Richard"]
[Black "Czegledi, Zsolt"]
[Result "1/2-1/2"]
[WhiteElo "2227"]
[BlackElo "2157"]
[PlyCount "24"]
[EventDate "2011.09.25"]
[EventType "team-tourn"]
[EventRounds "11"]
[EventCountry "HUN"]
[SourceTitle "EXT 2013"]
[Source "ChessBase"]
[SourceDate "2012.11.22"]
[SourceVersion "1"]
[SourceVersionDate "2012.11.22"]
[SourceQuality "1"]
[WhiteTeam "Decs"]
[BlackTeam "Toth Laszlo"]
[WhiteTeamCountry "HUN"]
[BlackTeamCountry "HUN"]

1. c4 Nf6 2. Nc3 e5 3. Nf3 d6 4. g3 Nc6 5. Bg2 Be7 6. 0-0 0-0 7. a3 Nd4 8. Nxd4 exd4 9. Nd5 Nxd5 10. cxd5 Bd7 11. e3 dxe3 12. dxe3 c5 1/2-1/2